000 00753nam a2200265Ia 4500
005 20260121170736.0
008 008 260114s9999 xx 000 0 eng d
020 _a9783030000639
037 _aEBOOK
040 _aCRL
040 _beng
040 _cCRL
041 _2eng
041 _aeng
084 _qCRL
100 _aAndrás Benczúr, Bernhard Thalheim, Tomáš Horváth, Silvia Chiusano, Tania Cerquitelli, Csaba Sidló, Peter Z. Revesz
_91067616
245 0 _aNew Trends in Databases and Information Systems
260 _bSpringer
260 _bSpringer
260 _c2018
856 _uhttps://link.springer.com/openurl?genre=book&isbn=978-3-030-00063-9
942 _cEBOOK
999 _c1633346
_d1633346